[Event "Montevideo Duchamp Cup 7th"]
[Site "Montevideo"]
[Date "2024.02.03"]
[Round "3"]
[White "Jasper, Nicolas"]
[Black "Hoffman, Alejandro"]
[Result "0-1"]
[WhiteElo "1774"]
[BlackElo "2361"]
[PlyCount "52"]
[EventDate "2024.02.01"]
[EventType "swiss"]
[EventRounds "9"]
[EventCountry "URU"]
[SourceTitle "CB07_2024"]
[SourceDate "2024.02.14"]
[SourceVersion "1"]
[SourceVersionDate "2024.02.14"]
[SourceQuality "1"]

1. d4 g6 2. Nf3 Bg7 3. Bf4 d6 4. e3 Nd7 5. Bc4 e6 6. c3 Qe7 7. 0-0 e5 8. dxe5 dxe5 9. Bg3 Nh6 10. h3 Nf5 11. Bh2 0-0 12. Nbd2 Rd8 13. Qc2 a5 14. a3 a4 15. Rad1 Nd6 16. Ba2 Nc5 17. Rfe1 Bf5 18. e4 Ndxe4 19. Nxe4 Rxd1 20. Qxd1 Bxe4 21. Qe2 Rd8 22. Nxe5 Bxe5 23. Bxe5 Qxe5 24. f3 Qf4 25. Qc4 Rd2 26. Qxc5 Rxg2+ 0-1

[Event "Florianopolis op 10th"]
[Site "Florianopolis"]
[Date "2024.01.23"]
[Round "5"]
[White "Hoffman, Alejandro"]
[Black "Tari, Aryan"]
[Result "0-1"]
[WhiteElo "2358"]
[BlackElo "2623"]
[PlyCount "102"]
[EventDate "2024.01.20"]
[EventType "swiss"]
[EventRounds "10"]
[EventCountry "BRA"]
[SourceTitle "CB05_2024"]
[SourceDate "2024.01.31"]
[SourceVersion "1"]
[SourceVersionDate "2024.01.31"]
[SourceQuality "1"]

1. d4 d5 2. c4 e6 3. Nc3 Bb4 4. e3 Nf6 5. Qa4+ Nc6 6. Bd2 0-0 7. Nf3 a6 8. Qc2 Re8 9. a3 Bd6 10. h3 h6 11. Rd1 dxc4 12. Bxc4 e5 13. 0-0 e4 14. Nh2 Be6 15. Bxe6 Bxh2+ 16. Kxh2 Qd6+ 17. Kg1 Qxe6 18. Na4 Rac8 19. Rc1 Nb8 20. Nc5 Qd5 21. b4 b6 22. Na4 Re6 23. Nc3 Qb7 24. Qb3 Nbd7 25. a4 Nf8 26. f4 exf3 27. Rxf3 N8h7 28. Rcf1 Ng5 29. Rf5 Rce8 30. Qc4 Nge4 31. Nxe4 Nxe4 32. Qc2 Ng3 33. Rxf7 Nxf1 34. Rxc7 Nxe3 35. Bxe3 Qd5 36. Bf2 Rf8 37. Qd3 Ref6 38. Bg3 R6f7 39. Rc1 Rd8 40. Rd1 Rfd7 41. Qxa6 Qb3 42. Rd3 Qxb4 43. Be5 Rf8 44. Kh2 Qb1 45. Qc4+ Kh7 46. Rb3 Qe4 47. Rg3 Rf2 48. Qe6 Rb7 49. Rg4 Qb1 50. Rg3 Rf1 51. Rb3 Qe1 0-1

[Event "Criciuma op-A"]
[Site "Criciuma"]
[Date "2024.01.13"]
[Round "3"]
[White "Hoffman, Alejandro"]
[Black "Cubas, Jose Fernando"]
[Result "1-0"]
[WhiteElo "2358"]
[BlackElo "2427"]
[PlyCount "68"]
[EventDate "2024.01.12"]
[EventType "swiss"]
[EventRounds "9"]
[EventCountry "BRA"]
[SourceTitle "CB04_2024"]
[SourceDate "2023.10.16"]
[SourceVersion "1"]
[SourceVersionDate "2023.10.16"]
[SourceQuality "1"]

1. d4 Nf6 2. Nf3 g6 3. c3 Bg7 4. Bf4 0-0 5. e3 d6 6. h3 Nc6 7. Bc4 Qe8 8. 0-0 e5 9. Bh2 e4 10. Nfd2 Bf5 11. Re1 Qd7 12. Bf1 g5 13. c4 h5 14. Nc3 Rae8 15. b4 h4 16. b5 Nd8 17. Qc2 Re7 18. Rac1 Rfe8 19. c5 dxc5 20. dxc5 g4 21. c6 bxc6 22. bxc6 Qc8 23. hxg4 Bxg4 24. Nb5 h3 25. Nxa7 Qf5 26. f4 hxg2 27. Kxg2 Bf3+ 28. Nxf3 exf3+ 29. Kh1 Ne4 30. Bd3 f2 31. Rf1 Qd5 32. Bxe4 Rxe4 33. Qd1 Qxa2 34. Rc2 Qxa7 1-0

[Event "Mar de Ajo op 5th"]
[Site "Mar de Ajo"]
[Date "2023.11.11"]
[Round "3"]
[White "Hoffman, Alejandro"]
[Black "Charaf, Leonardo"]
[Result "1-0"]
[WhiteElo "2348"]
[BlackElo "2092"]
[PlyCount "123"]
[EventDate "2023.11.10"]
[EventType "swiss"]
[EventRounds "6"]
[EventCountry "ARG"]
[SourceTitle "CB46_2023"]
[SourceDate "2023.11.15"]
[SourceVersion "1"]
[SourceVersionDate "2023.11.15"]
[SourceQuality "1"]

1. d4 d5 2. c4 c6 3. e3 Nf6 4. Nc3 e6 5. Nf3 Nbd7 6. Bd3 Bd6 7. 0-0 0-0 8. e4 dxc4 9. Bxc4 e5 10. a4 Qc7 11. h3 exd4 12. Nxd4 Ne5 13. Ba2 Rd8 14. Qe2 Ng6 15. Nf3 Re8 16. Re1 Be6 17. Bxe6 Rxe6 18. Nd4 Ree8 19. Nf5 Be5 20. Qf3 h6 21. Be3 Qa5 22. Bd2 Rad8 23. Re2 Qa6 24. Be1 Nf4 25. Re3 Nd3 26. Qe2 Nxe1 27. Qxa6 Nf3+ 28. gxf3 bxa6 29. Ne2 Bxb2 30. Rb1 Be5 31. Rb7 Rd7 32. Reb3 c5 33. Rxd7 Nxd7 34. Rb7 Nb6 35. Rxa7 Ra8 36. Rxa8+ Nxa8 37. f4 Bb2 38. Nd6 Kf8 39. Nc4 Ba1 40. Kg2 Ke7 41. Kf3 Kd7 42. Nc1 Kc6 43. Nb3 Bc3 44. Ke3 Nb6 45. Nxb6 Kxb6 46. Kd3 Be1 47. f3 Bg3 48. f5 Kc6 49. Kc4 Bd6 50. Nc1 Kb6 51. Nd3 Kc6 52. e5 Be7 53. Nf4 Bd8 54. Nd5 Bh4 55. f4 Bf2 56. e6 fxe6 57. fxe6 Kd6 58. f5 Bg1 59. Nc3 Bd4 60. Ne4+ Kc6 61. e7 Kd7 62. Nxc5+ 1-0

[Event "Manaus op 2nd"]
[Site "Manaus"]
[Date "2023.10.11"]
[Round "1"]
[White "Hoffman, Alejandro"]
[Black "Rodrigues Franca, Carlos Alberto"]
[Result "1-0"]
[WhiteElo "2352"]
[BlackElo "1556"]
[PlyCount "65"]
[EventDate "2023.10.11"]
[EventType "swiss"]
[EventRounds "9"]
[EventCountry "BRA"]
[SourceTitle "Mega2024 Update 01"]
[Source "Chessbase"]
[SourceDate "2023.11.12"]
[SourceVersion "1"]
[SourceVersionDate "2023.11.12"]
[SourceQuality "1"]

1. d4 d5 2. c4 e6 3. Nc3 Nf6 4. Bg5 Nbd7 5. e3 Be7 6. Nf3 0-0 7. Qc2 c6 8. Rd1 h6 9. Bh4 Nh7 10. Bg3 Ndf6 11. Bd3 dxc4 12. Bxc4 Nd5 13. 0-0 Bd6 14. e4 Nxc3 15. bxc3 Bxg3 16. hxg3 Ng5 17. Ne5 Qe7 18. Bd3 Rd8 19. Ng4 f6 20. e5 f5 21. Ne3 Bd7 22. f4 Nh7 23. Qb3 g6 24. Qxb7 Qa3 25. Qb3 Qe7 26. Rb1 Rdb8 27. Qxb8+ Rxb8 28. Rxb8+ Kf7 29. Nc4 c5 30. Nd6+ Kg7 31. Rfb1 cxd4 32. R1b7 dxc3 33. Re8 1-0

[Event "Caioba op 7th"]
[Site "Caioba"]
[Date "2023.06.22"]
[Round "6"]
[White "Hoffman, Alejandro"]
[Black "Labussiere, Yago"]
[Result "1/2-1/2"]
[WhiteElo "2350"]
[BlackElo "2224"]
[PlyCount "38"]
[EventDate "2023.06.18"]
[EventType "swiss"]
[EventRounds "9"]
[EventCountry "BRA"]
[SourceTitle "CBM 214 Extra"]
[Source "ChessBase"]
[SourceDate "2023.07.31"]
[SourceVersion "1"]
[SourceVersionDate "2023.07.31"]
[SourceQuality "1"]

1. d4 d5 2. c4 e6 3. Nf3 Nf6 4. g3 Bb4+ 5. Bd2 Be7 6. Bg2 0-0 7. 0-0 Nbd7 8. Qc2 c6 9. Bf4 b6 10. cxd5 cxd5 11. Bc7 Qe8 12. Rc1 Bb7 13. Nbd2 Rc8 14. Qb3 Nb8 15. Bxb8 Rxc1+ 16. Rxc1 Qxb8 17. Ne5 Bd6 18. f4 Rc8 19. Rc3 Rc7 1/2-1/2

[Event "Caioba Rapid op 7th"]
[Site "Caioba"]
[Date "2023.06.18"]
[Round "5"]
[White "Hoffman, Alejandro"]
[Black "Molina, Roberto Junio Brito"]
[Result "0-1"]
[WhiteElo "2350"]
[BlackElo "2403"]
[PlyCount "85"]
[EventDate "2023.06.17"]
[EventType "swiss (rapid)"]
[EventRounds "11"]
[EventCountry "BRA"]
[SourceTitle "CBM 214 Extra"]
[Source "ChessBase"]
[SourceDate "2023.07.31"]
[SourceVersion "1"]
[SourceVersionDate "2023.07.31"]
[SourceQuality "1"]

1. d4 d5 2. c4 e6 3. Nc3 Nf6 4. cxd5 exd5 5. Bg5 c6 6. e3 Be7 7. Qc2 h6 8. Bh4 Nbd7 9. Nf3 Nh5 10. Bxe7 Qxe7 11. 0-0-0 Nb6 12. Kb1 Be6 13. Bd3 0-0-0 14. h3 Kb8 15. Na4 Nxa4 16. Qxa4 Nf6 17. Rc1 Nd7 18. Rc3 Nb6 19. Qa5 Rd7 20. Rhc1 Rc7 21. Ne5 Rd8 22. Ra3 Nc8 23. b4 f6 24. Ng6 Qd6 25. Nf4 Bd7 26. Rac3 Ne7 27. b5 b6 28. Qa6 Rdc8 29. bxc6 Nxc6 30. Qa3 Qxa3 31. Rxa3 Nb4 32. Rxc7 Rxc7 33. Bg6 a5 34. Rb3 Ba4 35. Rb2 Rc3 36. Ne2 Ra3 37. Nf4 Rc3 38. Ne6 Bd7 39. Nxg7 Rc8 40. a3 Rg8 41. axb4 Rxg7 42. Bd3 Rxg2 43. bxa5 0-1

[Event "Villa Martelli Panno 70-A"]
[Site "Villa Martelli"]
[Date "2023.05.13"]
[Round "5"]
[White "Hoffman, Alejandro"]
[Black "Acosta, Pablo Ismael"]
[Result "0-1"]
[WhiteElo "2345"]
[BlackElo "2491"]
[PlyCount "108"]
[EventDate "2023.05.09"]
[EventType "tourn"]
[EventRounds "9"]
[EventCountry "ARG"]
[EventCategory "7"]
[SourceTitle "CBM 214 Extra"]
[Source "ChessBase"]
[SourceDate "2023.07.31"]
[SourceVersion "1"]
[SourceVersionDate "2023.07.31"]
[SourceQuality "1"]

1. d4 Nf6 2. Nf3 c5 3. d5 g6 4. Nc3 d6 5. e4 Bg7 6. Bb5+ Nbd7 7. a4 0-0 8. 0-0 a6 9. Bc4 b6 10. h3 Ne8 11. Bf4 Ne5 12. Be2 Rb8 13. Nxe5 dxe5 14. Be3 f5 15. exf5 gxf5 16. f4 Qc7 17. Qe1 e4 18. Qf2 Nd6 19. Kh1 Bb7 20. a5 b5 21. Bxc5 Rbc8 22. Bb6 Qd7 23. Bd4 Bxd4 24. Qxd4 Qc7 25. Ra3 Rf6 26. b4 Nc4 27. Rb3 Qd6 28. Bxc4 Rxc4 29. Qe5 Rf8 30. Re1 Qxe5 31. fxe5 Rd4 32. Ne2 Rxd5 33. Nf4 Rd2 34. Rc3 Rc8 35. Rxc8+ Bxc8 36. Re2 Rd1+ 37. Kh2 Kf7 38. c3 Be6 39. Re3 Bc4 40. g4 e6 41. Kg3 Rd2 42. Re1 Rc2 43. Re3 h6 44. Kh4 Rf2 45. Kg3 Rf1 46. Ng2 Bd3 47. Nf4 Rc1 48. Kh4 Bc4 49. Kg3 Rf1 50. Ng2 Ke7 51. Nf4 Kd7 52. Ng2 Kc7 53. Nf4 Kd7 54. Ng6 Kc7 0-1

[Event "Villa Martelli Panno 70-A"]
[Site "Villa Martelli"]
[Date "2023.05.13"]
[Round "6"]
[White "Paveto, Kevin"]
[Black "Hoffman, Alejandro"]
[Result "1/2-1/2"]
[WhiteElo "2427"]
[BlackElo "2345"]
[PlyCount "68"]
[EventDate "2023.05.09"]
[EventType "tourn"]
[EventRounds "9"]
[EventCountry "ARG"]
[EventCategory "7"]
[SourceTitle "CBM 214 Extra"]
[Source "ChessBase"]
[SourceDate "2023.07.31"]
[SourceVersion "1"]
[SourceVersionDate "2023.07.31"]
[SourceQuality "1"]

1. e4 d6 2. d4 Nf6 3. Nc3 e5 4. Nf3 Nbd7 5. Be2 Be7 6. 0-0 0-0 7. Re1 c6 8. Bf1 b5 9. a3 a6 10. b3 Re8 11. Bb2 Bf8 12. Qd2 Bb7 13. Rad1 Qc7 14. dxe5 dxe5 15. Qg5 Rad8 16. Nh4 h6 17. Qg3 Nh5 18. Qf3 Nf4 19. Ne2 Nxe2+ 20. Bxe2 g6 21. Qg3 Bg7 22. Nf3 Nc5 23. Rxd8 Qxd8 24. Bf1 Qd6 25. Re3 Bc8 26. b4 Na4 27. Rd3 Qe7 28. Bxe5 c5 29. Bd6 Qxe4 30. bxc5 Be6 31. h3 Rc8 32. Re3 Qd5 33. Rd3 Qe4 34. Re3 Qd5 1/2-1/2

[Event "Villa Martelli Panno 70-A"]
[Site "Villa Martelli"]
[Date "2023.05.09"]
[Round "1"]
[White "Di Berardino, Diego Rafael"]
[Black "Hoffman, Alejandro"]
[Result "0-1"]
[WhiteElo "2479"]
[BlackElo "2345"]
[PlyCount "112"]
[EventDate "2023.05.09"]
[EventType "tourn"]
[EventRounds "9"]
[EventCountry "ARG"]
[EventCategory "7"]
[SourceTitle "CBM 214 Extra"]
[Source "ChessBase"]
[SourceDate "2023.07.31"]
[SourceVersion "1"]
[SourceVersionDate "2023.07.31"]
[SourceQuality "1"]

1. d4 c5 2. d5 g6 3. e4 Bg7 4. c4 d6 5. Nf3 Nf6 6. Nc3 Bg4 7. Be2 0-0 8. Bg5 Nbd7 9. 0-0 a6 10. Nd2 Bxe2 11. Qxe2 Qb6 12. Rab1 e6 13. Rfc1 Rfe8 14. Be3 Qc7 15. a4 Rac8 16. f3 Nh5 17. Nf1 Nhf6 18. Qd2 exd5 19. cxd5 Qa5 20. b3 b5 21. axb5 axb5 22. Qe2 b4 23. Nd1 Ra8 24. Nd2 Nb6 25. Kh1 Nfd7 26. h3 Qa2 27. Qf1 f5 28. Qd3 Qa6 29. Qxa6 Rxa6 30. Bf4 Ra2 31. Nf2 Be5 32. Bg5 Bf6 33. Bxf6 Nxf6 34. Rd1 Nbxd5 35. exd5 Re2 36. Nc4 Rxf2 37. Rg1 Nxd5 38. Rbf1 Rxf1 39. Rxf1 Nf4 40. Nxd6 Nxg2 41. Nb7 Ne3 42. Re1 f4 43. Nxc5 Rf2 44. Nd3 Rxf3 45. Nxf4 Nf5 46. Nd5 Rxh3+ 47. Kg2 Rxb3 48. Re4 Rb2+ 49. Kf3 b3 50. Rb4 Rd2 51. Rb8+ Kf7 52. Rb7+ Ke6 53. Nf4+ Kf6 54. Rxh7 g5 55. Ne2 g4+ 56. Kf2 Nd4 0-1